La seguridad ante todo! / por JoAnne Nelson ; dibujos por Mits Katayama. (Record no. 21590)

MARC details
000 -LEADER
fixed length control field 00674 a2200241 4500
001 - CONTROL NUMBER
control field sjds
003 - CONTROL NUMBER IDENTIFIER
control field sjds
005 - DATE AND TIME OF LATEST TRANSACTION
control field 20240227184549.0
008 - FIXED-LENGTH DATA ELEMENTS--GENERAL INFORMATION
fixed length control field 240227b |||||||| |||| 00| 0 spa d
020 ## - INTERNATIONAL STANDARD BOOK NUMBER
International Standard Book Number 0780232569 (pbk.)
020 ## - INTERNATIONAL STANDARD BOOK NUMBER
International Standard Book Number 9780780232563 (pbk.)
020 ## - INTERNATIONAL STANDARD BOOK NUMBER
International Standard Book Number 799070325693
024 ## - OTHER STANDARD IDENTIFIER
Source of number or code UPC
Standard number or code 799070325693
040 ## - CATALOGING SOURCE
Transcribing agency sjds
041 ## - LANGUAGE CODE
Language code of text/sound track or separate title spa
100 10 - MAIN ENTRY--PERSONAL NAME
Personal name Nelson, JoAnne
245 ## - TITLE STATEMENT
Title La seguridad ante todo! / por JoAnne Nelson ; dibujos por Mits Katayama.
260 ## - PUBLICATION, DISTRIBUTION, ETC. (IMPRINT)
Place of publication, distribution, etc. Bothell, WA :
Name of publisher, distributor, etc. Wright Group,
Date of publication, distribution, etc. c1995.
300 ## - PHYSICAL DESCRIPTION
Extent 24 pages :
Other physical details color illustrations ;
Dimensions 27 cm.
500 ## - GENERAL NOTE
General note Other Titles: Play it safe.
700 10 - ADDED ENTRY--PERSONAL NAME
Personal name Katayama, Mits.
942 ## - ADDED ENTRY ELEMENTS (KOHA)
Koha item type Libro/Book
Holdings
Withdrawn status Lost status Damaged status Not for loan Home library Current library Date acquired Inventory number Total Checkouts Full call number Barcode Date last seen Price effective from Koha item type
        Las Brisas 2 -- Satellite Las Brisas 2 -- Satellite 15/04/2019 Inventory date: 7/4/25   JI 40101793 15/04/2019 15/04/2019 Libro/Book

Powered by Koha